[Event "Milan Crespi op-C 35th"]
[Site "Milan"]
[Date "2014.12.06"]
[Round "4"]
[White "Sics, Maksims"]
[Black "Valdettaro, Filippo"]
[Result "0-1"]
[WhiteElo "1861"]
[BlackElo "1750"]
[PlyCount "74"]
[EventDate "2014.12.04"]
[EventType "swiss"]
[EventRounds "7"]
[EventCountry "ITA"]
[SourceTitle "EXT 2017"]
[Source "ChessBase"]
[SourceDate "2016.10.25"]
[SourceVersion "1"]
[SourceVersionDate "2016.10.25"]
[SourceQuality "1"]

1. d4 Nf6 2. c4 c5 3. d5 b5 4. cxb5 a6 5. Nc3 axb5 6. Nxb5 Ba6 7. Nc3 g6 8. g3 d6 9. Bg2 Bg7 10. Nf3 0-0 11. 0-0 Nfd7 12. Re1 Nb6 13. Qc2 N8d7 14. e4 Nc4 15. b3 Qa5 16. bxc4 Qxc3 17. Qa4 Nb6 18. Qc6 Qxa1 19. Qxb6 Qxa2 20. Qc7 Rfe8 21. Bh3 Bc8 22. Bxc8 Raxc8 23. Qd7 Qxc4 24. Qh3 Qc3 25. Kg2 Ra8 26. Bd2 Qb2 27. Bh6 Rec8 28. Bxg7 Qxg7 29. Qd7 f6 30. Rb1 Rd8 31. Qc7 e5 32. Qc6 Qd7 33. Rb7 Qxc6 34. dxc6 Rac8 35. Rb6 Rc7 36. Nd2 Rdc8 37. Nc4 Rxc6 0-1